|
|
|
|
| LEADER |
00000cam a2200000 7i4500 |
| 001 |
0000003069 |
| 005 |
20040512.0 |
| 020 |
0 |
0 |
|a 1901919315 (v.1); 190191934X (v.2)
|
| 090 |
0 |
0 |
|a 508.5953
|b CRO 2001
|
| 245 |
0 |
0 |
|a CROCKER Range National Park Sabah
|c edited by Ghazally Ismail, Lamri Ali
|
| 260 |
0 |
0 |
|a London :
|b Asean Academic Press ,
|c 2001
|
| 300 |
|
|
|a v. :
|b ill., maps ;
|c 23 cm.
|
| 440 |
0 |
0 |
|a A scientific journey through Borneo
|
| 500 |
0 |
0 |
|a Includes bibliographical references
|
| 500 |
0 |
0 |
|a vol. 1 - natural ecosystem and species components; vol. 2 - socio-cultural and human dimension
|
| 650 |
0 |
0 |
|a Natural history
|z Malaysia
|z Sabah
|
| 650 |
0 |
0 |
|a Nature conservation
|z Malaysia
|z Sabah
|
| 650 |
0 |
0 |
|a Scientific expeditions
|z Malaysia
|z Sabah
|
| 700 |
0 |
1 |
|a Ghazally Ismail ,
|c 1949-
|
| 700 |
0 |
1 |
|a Lamri Ali
|
| 998 |
|
|
|a JPSM
|
| 999 |
|
|
|a 0000005412
|b Monograph
|c Open Shelf
|e Default branch
|
| 999 |
|
|
|a 0000005413
|b Monograph
|c Open Shelf
|e Default branch
|